000 00774nam a2200277Ia 4500
008 170203s9999 xx 000 0 und d
020 _a0-394868803
050 _aFic
050 _bB489b
100 _aBerenstain, Stan.
245 4 _aThe Berenstain Bears meet Santa Bear /
245 _cStan & Jan Berenstain.
260 _aNew York :
260 _bRandom House,
260 _c©1984.
300 _a30 unnumbered pages :
300 _bcolor illustrations ;
300 _c21 cm.
650 _aBerenstain Bears (Fictitious characters) --
650 _aChildren's stories, American.
650 _aParent and child --
650 _aSanta Claus.
650 _xJuvenile fiction.
650 _xJuvenile fiction.
700 _aBerenstain, Jan, Author.
999 _c306600
_d306600